النباتات الطبية وإطالة عمر الإنسان / (Record no. 6545)

MARC details
000 -الفاتح
حقل البيانات ثابتة الطول 01210nac a22002771i 4500
003 - محدد رقم الضبط
رقم الضبط EG-ScBUE
005 - وقت وتاريخ اخر تعامل مع التسجيلة
رقم الضبط 20260510092843.0
008 - عناصر البيانات ثابتة الطول - معلومات عامة
حقل البيانات ثابتة الطول 100808s1987 ua| frb 000 daara d
017 ## - رقم الإيداع القانونى
رقم الإيداع القانونى 1987 / 7608
040 ## - مصدر الفهرسة
وكالة الفهرسة الأصلية EG-ScBUE
لغة الفهرسة ara
قواعد الوصف rda
وكالة النسخ EG-ScBUE
وكالة التعديل EG-ScBUE
082 04 - رقم تصنيف ديوى العشرى
رقم التصنيف 581.634
رقم المادة خ ف ا
رقم الطبعة 22
100 1# - المدخل الرئيسى - إسم شخصى
الإسم الشخصى خفاجي، سعد محمد،
9 (RLIN) 17195
الدور مؤلف.
245 12 - بيان العنوان
العنوان النباتات الطبية وإطالة عمر الإنسان /
بيان المسئوليه,etc دكتور سعد محمد خفاجي، أستاذ العقاقير والنباتات الطبية، كلية الصيدلة، جامعة الإسكندرية.
264 #1 - النشر، التوزيع
مكان الناشر او الموزع الإسكندرية :
اسم الناشر او الموزع مركز الدلتا للطباعة،
تاريخ النشر أو التوزيع [1987]
300 ## - الوصف المادى
التعداد 221 صفحة ؛
أبعاد الوعاء 24 سم
336 ## - نوع المحتوى
source rdacontent
Carrier Type Term نص
Content Type Code txt
337 ## - نوع الوسيط
Media Type Term بدون وسيط
source rdamedia
Media Type Code n
338 ## - نوع الحامل أو الناقل
Carrier Type Term مجلد
Carrier Type Code nc
source rdacarrier
500 ## - تبصرة عامة
تبصرة عامة تاريخ النشر من رقم الإيداع.
504 ## - تبصرة ببليوجرافية
تبصرة ببليوجرافية,الخ يشتمل على إرجاعات ببليوجرافية.
650 #7 - المدخل الاضافى بالموضوع-مصطلح موضوعى
مصطلح موضوعي أو اسم جغرافي كعنصر مدخل النباتات الطبية.
9 (RLIN) 17191
مصدر الرأس أو المصطلح BUEsh
650 #7 - المدخل الاضافى بالموضوع-مصطلح موضوعى
مصطلح موضوعي أو اسم جغرافي كعنصر مدخل البابونج.
9 (RLIN) 22028
مصدر الرأس أو المصطلح BUEsh
650 #7 - المدخل الاضافى بالموضوع-مصطلح موضوعى
مصطلح موضوعي أو اسم جغرافي كعنصر مدخل العرقسوس.
9 (RLIN) 22029
مصدر الرأس أو المصطلح BUEsh
655 ## - مصطلح تكشيفى-نوع/شكل
التقسيم الفرعي الشكلي Reading book
942 ## - عناصر المدخل الإضافي( كوها)
Koha [default] item type Book - Borrowing
سابقة رقم الطلب 581.634 خ ف ا
مصدر التصنيف او مخطط الترفيف Dewey Decimal Classification
Holdings
حالة التراجع حالة الفقد مصدر التصنيف او خطة الترفيف حالة تلف ليس للاعارة مجموعات كوها المكان الدائم المكان الحالي موقع الترفيف تاريخ الاكتساب Source of acquisition رقم الاستدعاء الباركود Date last seen مُعار نوع الوعاء
    Dewey Decimal Classification       Central Library Central Library First floor 08/08/2010   581.634 خ ف ا 000007965 15/07/2025 04/05/2011 Book - Borrowing